000 00453nam a2200181Ia 4500
001 4843
005 20260306145824.0
008 260306t2015||||xx |||||||||||||| ||spa||
041 _aESP
082 _a330.973
_bS81
100 _aStiglitz, Joseph E.
_eAUT
245 0 _aLa gran brecha:
_bqué hacer con las sociedades desiguales
260 _c2015
300 _a477 páginas :
_c24 cm.
650 _aGEN
654 _aCAN
942 _cLIB
_dJUS
_fJUS
_2ddc
_n
999 _c4843
_d4843